000 00680cam a2200241u 4500
001 26202
003 BD-RjUL
005 20211209051002.0
008 140320t1962 nyu 001 0beng
035 _a(BD-RjUL)26272
040 _aDLC
_cCarP
_dDLC
_dBD-RjUL
_beng
041 _aeng
082 0 4 _a954.0182
_bGOS 1962
100 1 _aGokhale, Balkrishna Govind.
_956871
245 1 0 _aSamudra Gupta: life and times /
_cby B.G. Gokhale
260 _aNew York :
_bAsia Pub. House,
_c1962.
300 _a120 p. ;
_c23 cm.
504 _aincludes index.
600 0 0 _aSamudra Gupta,
_dactive 4th century.
_980556
942 _2ddc
_cBK
999 _c26202
_d26202